Least Densely Populated Countries in The Americas - Statistics

General Stats
  • This quiz has been taken 18 times
  • The average score is 10 of 10
Answer Stats
Number of people per km2 Answer % Correct
16 Argentina
100%
10 Bolivia
100%
4 Canada
100%
24 Chile
100%
4 Guyana
100%
17 Paraguay
100%
4 Suriname
100%
20 Uruguay
100%
25 Brazil
94%
16 Belize
78%
No matching quizzes found
Score Distribution
Percent of People with Each Score
Percentile by Number Answered
Your Score History
You have not taken this quiz